Understanding understanding : essays on cybernetics and cognition
Αποθηκεύτηκε σε:
| Κύριος συγγραφέας: | |
|---|---|
| Μορφή: | Βιβλίο |
| Γλώσσα: | English |
| Δημοσίευση: |
New York :
Springer,
c2003.
|
| Θέματα: | |
| Ετικέτες: |
Προσθήκη ετικέτας
Δεν υπάρχουν, Καταχωρήστε ετικέτα πρώτοι!
|
MARC
| LEADER | 00000cam a2200000 i 4500 | ||
|---|---|---|---|
| 001 | 1/72700 | ||
| 008 | 080128s2003 nyu| ||| |||| ||eng|| | ||
| 020 | |a 0387953922 | ||
| 035 | |l 10094186 | ||
| 040 | |a GR-MyUa |b gre |e AACR2 | ||
| 041 | 0 | |a eng | |
| 082 | 7 | |a 003.5 |2 (22) | |
| 100 | 1 | |a Von Foerster, Heinz, |d 1911-2002. | |
| 245 | 1 | 0 | |a Understanding understanding : |b essays on cybernetics and cognition / |c Heinz von Foerster. |
| 260 | |a New York : |b Springer, |c c2003. | ||
| 300 | |a xii, 362 σ. : |b εικ. ; |c 24 εκ. | ||
| 504 | |a Βιβλιογραφία: σ. 339-349. Ευρετήριο. | ||
| 650 | 0 | |a Cybernetics. | |
| 650 | 0 | |a Cognition. | |
| 852 | |a INST |b SYROS |e 20080128 |h 003.5 VON |p 005500006625 |q 005500006625 |t BK |y 0 | ||
| 852 | |a INST |b SYROS |e 20120323 |h 003.5 VON |p 005500010035 |q 005500010035 |t BK |y 0 | ||
| 901 | |a BIBL5-2012-1 | ||
| 901 | |a BIBL5-2008-1 | ||
| 922 | |a 5ΕΛΗ |b 200710 |c ΕΠΕΑΕΚ2/ΤΜΣΠΣ |d Παπασωτηρίου | ||
| 970 | |a Κοντού |b Παρασκευή |z 28/01/2008 | ||